=LDR 00000nam 2200000 4500 =001 INLIS000000000032542 =005 20130612134538 =008 ***********************************ind** =035 ##$$0010-061300000032542 =041 ##$$a ind =082 ##$$a 351.025 =090 ##$$a 351.025, Wig p =100 ##$$a Wiguna, Guntur =245 ##$$a Profil Lengkap Kabinet Indonesia Bersatu II, Guntur Wiguna =260 ##$$a 2010 $b Yogyakarta =300 ##$$a 264 hlm, Ilus, 23 cm =650 ##$$a Menteri Negara =850 ##$$a NBPNMAT